00576nam a2200181 u 450000100100000000500170001000800410002704000250006824500450009326000400013830000270017849000270020559000750023270000270030783000340033404900090036899900170037700003614820200930074922.0111220s19uu fr r 000 0 spa d aDO-SdBNPbspacBNPHU00aMemling :b1435-1494 /cHenri, Roujôn. aParís :bPierre Lafitte,c[196?]. a80 p. :bil. ;c22 cm.1 aLes peintres illustres aPerteneció a la biblioteca personal de Juan Isidro Jimenes Grullón12aRoujôn, Henri962185 0aLes peintres illustres961839 aBNPD c35639d35639